[Event "6th Kurass Memorial"]
[Site "Kiev UKR"]
[Date "2005.06.25"]
[Round "5"]
[White "Grinev,V"]
[Black "Baryshpolets,A"]
[Result "1-0"]
[WhiteElo "2222"]
[BlackElo "2158"]

1.e4 c5 2.Nc3 Nc6 3.Bb5 Nd4 4.Bc4 g6 5.Nf3 Bg7 6.Nxd4 cxd4 7.Qf3 Nh6 8.Ne2 d6
9.d3 O-O 10.Qg3 Ng4 11.Bd2 Qb6 12.Bb3 a5 13.a4 Nf6 14.h4 Nh5 15.Qh2 Be6 16.Bxe6 Qxb2
17.Rc1 fxe6 18.Qh3 Qa2 19.g4 Nf6 20.h5 e5 21.hxg6 hxg6 22.f4 exf4 23.Nxf4 Qf7
24.Ke2 Rac8 25.Rcf1 Rxc2 26.g5 Rxd2+ 27.Kxd2 Qa2+ 28.Ke1 Qb1+ 29.Kf2 Qc2+
30.Kg1 Nh5 31.Qe6+  1-0

[Event "White Nights"]
[Site "St Petersburg RUS"]
[Date "2005.06.26"]
[Round "9"]
[White "Kudriavtsev,Y"]
[Black "Bazhenova,D"]
[Result "1/2-1/2"]
[WhiteElo "1988"]
[BlackElo "1890"]

1.e4 c5 2.Nf3 Nc6 3.Nc3 Nf6 4.d3 d6 5.Be2 e5 6.Nd5 Nxd5 7.exd5 Nd4 8.Nxd4 cxd4
9.c4 Be7 10.O-O O-O 11.f4 f5 12.Bf3 Bf6 13.Rb1 Re8 14.Re1 Qa5 15.a3 Bd7 16.b4 Qc7
17.Qc2 Rac8 18.Qb3 Kh8 19.Bd2 b5 20.Rbc1 bxc4 21.Rxc4 Qb8 22.Rxc8 Rxc8 23.a4 a6
24.g3 Re8 25.Kg2 Re7 26.a5 Bb5 27.Qb1 Qe8 28.Qc2 g6 29.Qb1 Kg7 30.h3 Rc7
31.Bd1 Re7 32.Bf3 Rc7 33.Bd1 Ba4 34.Bxa4 Qxa4 35.Rc1 Qd7 36.Kf3 Qc8 37.Rxc7+ Qxc7
38.Qc1 Qxc1 39.Bxc1 Bd8 40.Bd2 Kf6 41.Be1 Bc7 42.g4 h5 43.Bh4+ Kf7 44.gxh5 gxh5
45.Bg5 Ke8 46.Bf6 Kf7 47.Bh4 Ke8 48.Be1 Ke7 49.Bg3 Kf6 50.Be1 Ke7 51.Bf2 Kf6
52.Kg3 Bd8 53.Kf3 Kf7 54.Bg3 Bc7 55.Bf2 Bd8 56.Be1 Bc7 57.Bh4 Ke8 58.Bg5 Kf7
59.Kg3 Kf8 60.Kf3 Ke8 61.Bf6 Kf7 62.Bh4 Ke8 63.Bg5 Kf7 64.Kg3 Kf8 65.Kf3 Ke8  1/2-1/2

[Event "6th EICC"]
[Site "Warsaw POL"]
[Date "2005.06.26"]
[Round "8"]
[White "Bartel,Mat"]
[Black "Bocharov,D"]
[Result "0-1"]
[WhiteElo "2511"]
[BlackElo "2574"]

1.e4 c5 2.Nf3 Nc6 3.Nc3 g6 4.d4 cxd4 5.Nxd4 Bg7 6.Be3 Nf6 7.Bc4 O-O 8.Bb3 d6
9.f3 Nxd4 10.Bxd4 Be6 11.Qd2 Rc8 12.O-O-O Bxb3 13.axb3 Rc6 14.Kb1 e6 15.g4 Qe7
16.Rhe1 Rfc8 17.g5 Nd7 18.Bxg7 Kxg7 19.Nb5 Ne5 20.c4 Kg8 21.Rf1 Rd8 22.f4 a6
23.fxe5 axb5 24.cxb5 Rc5 25.exd6 Qxg5 26.Qf2 Rd7 27.Qd4 Rxb5 28.Rf3 Rc5 29.h4 Qh5
30.Rdf1 Qe5 31.Rd1 Qxd4 32.Rxd4 e5 33.Rb4 Rc6 34.Rb5 Rdxd6 35.Rc3 Rd1+ 36.Kc2 Rh1
37.b4 Rxh4 38.Rxb7 Rd6 39.Rcc7 Rf6 40.Rc4 Rf2+ 41.Kb3 Rhh2 42.Rc3 Rxb2+ 43.Kc4 Rhc2
44.Rxc2 Rxc2+ 45.Kd3 Rb2 46.Kc3 Rb1 47.b5 h5 48.Kc2 Rb4 49.Kc3 Rb1 50.Kc2 Rf1
51.Ra7 Kg7 52.Ra3 Rf2+ 53.Kc3 Rf3+ 54.Kb4 Rxa3 55.Kxa3 h4 56.b6 h3 57.b7 h2
58.b8=Q h1=Q 59.Qxe5+ Kh7 60.Qf4 Qa1+ 61.Kb3 Kg7 62.Kc2 Qf6 63.Qh2 Qd4 64.Qf4 Qf6
65.Qh2 g5 66.Kd3 Qf3+ 67.Kd4 g4 68.Qh5 Qf4 69.Kd3 g3 70.Qh1 Kg6 71.Qh8 Kg5
72.Qc8 Kh4 73.Qg8 Kh3  0-1

[Event "6th EICC"]
[Site "Warsaw POL"]
[Date "2005.06.26"]
[Round "8"]
[White "Stoma,P"]
[Black "Van der Weide,K"]
[Result "0-1"]
[WhiteElo "2295"]
[BlackElo "2472"]

1.e4 c5 2.Nf3 Nc6 3.Nc3 g6 4.Bb5 Bg7 5.Bxc6 dxc6 6.d3 e5 7.Be3 Qe7 8.O-O Nf6
9.h3 O-O 10.Qd2 Rd8 11.Rad1 b6 12.Bg5 Ba6 13.Qe3 Re8 14.Nh2 Qf8 15.f4 exf4
16.Qxf4 Re6 17.Kh1 Rae8 18.Qh4 Qd6 19.Rf3 c4 20.Rdf1 Nh5 21.Ng4 cxd3 22.cxd3 f6
23.Nh6+ Bxh6 24.Bxh6 Qe7 25.Nd1 Ng7 26.Nf2 f5 27.Bg5 Qd6 28.Bh6 Qe7 29.Qf4 Nh5
30.Qd2 Qd8 31.exf5 Re2 32.Qc3 gxf5 33.Kg1 Qd6 34.Ng4 Bc8 35.Qc1 R2e3 36.Bxe3 fxg4
37.hxg4 Bxg4 38.Bh6 Ng3 39.Qc3  0-1

[Event "6th EICC"]
[Site "Warsaw POL"]
[Date "2005.06.26"]
[Round "8"]
[White "Andreikin,D"]
[Black "Roiz,M"]
[Result "1-0"]
[WhiteElo "2495"]
[BlackElo "2579"]

1.e4 c5 2.Nf3 Nc6 3.Nc3 d6 4.d4 cxd4 5.Nxd4 Nf6 6.f3 e5 7.Nb3 Be7 8.Be3 O-O
9.Qd2 a5 10.Bb5 Be6 11.O-O-O Nb4 12.a3 d5 13.axb4 d4 14.Na4 Bxb3 15.cxb3 Bxb4
16.Qe2 Qc7+ 17.Kb1 dxe3 18.Qxe3 Rad8 19.Rc1 Qd6 20.Qb6 Qxb6 21.Nxb6 Rd2 22.g4 Rf2
23.g5 Nh5 24.Nd7 Re8 25.Rhd1 h6 26.gxh6 gxh6 27.Nf6+ Nxf6 28.Bxe8 Nxe8 29.Rc8 Kf8
30.Rdd8 Rxf3 31.Rxe8+ Kg7 32.Rxe5 Rxb3 33.Rf5 Re3 34.Rc7 Rxe4 35.Rcxf7+ Kg6
36.R7f6+ Kg7 37.Rb6 Re7 38.Rfb5 Re1+ 39.Ka2 Rh1 40.Rxb7+ Kg6 41.R7b6+ Kg7
42.Rh5 Bd2 43.Rd5  1-0

[Event "6th EICC"]
[Site "Warsaw POL"]
[Date "2005.06.26"]
[Round "8"]
[White "Babujian,L"]
[Black "Bente,B"]
[Result "1-0"]
[WhiteElo "2386"]
[BlackElo "2218"]

1.e4 c5 2.Nc3 Nc6 3.Bb5 Nd4 4.Bc4 e6 5.Nf3 Nf6 6.O-O a6 7.e5 d5 8.exf6 dxc4
9.fxg7 Bxg7 10.d3 cxd3 11.cxd3 Bd7 12.Nxd4 Bxd4 13.Ne4 Bc6 14.Bg5 f6 15.Qh5+ Ke7
16.Bh4 Qd5 17.Qh6 Rhf8 18.Rac1 Qf5 19.Rfe1 Rf7 20.Bg3 Bxe4 21.dxe4 Qg5 22.Qh3 Rg8
23.e5 Rg6 24.exf6+ Rgxf6 25.Bh4 Qxh4 26.Rxe6+ Kf8 27.Qxh4 Bxf2+ 28.Qxf2 Rxf2
29.Rb6 Rd2 30.Rf1 Rd7 31.g4 Ke8 32.Rxf7 Rxf7 33.Kg2 Kd8 34.g5 c4 35.h4 Kc7
36.Rh6 a5 37.a4 Kd8 38.Rd6+ Ke8 39.Rb6 Kf8 40.Kg3 Kg8 41.Rb5 Rc7 42.Rxa5 c3
43.bxc3 Rxc3+ 44.Kg4 Ra3 45.Ra8+ Kg7 46.Ra7 Kg8 47.a5 Ra4+ 48.Kf5 Rb4 49.h5 Rb1
50.h6 Rf1+ 51.Ke6 Re1+ 52.Kd6 Ra1 53.Kc7 Kf7 54.Rxb7 Kg6 55.Rb5  1-0

[Event "zt 4.1"]
[Site "Taza MAR"]
[Date "2005.06.27"]
[Round "8"]
[White "Hamdouchi,H"]
[Black "Doghri,N"]
[Result "1-0"]
[WhiteElo "2559"]
[BlackElo "2338"]

1.e4 c5 2.Nf3 Nc6 3.Nc3 e5 4.Bc4 Be7 5.d3 Nf6 6.Nd5 d6 7.c3 O-O 8.h4 Nxd5
9.Bxd5 Be6 10.Bxe6 fxe6 11.Ng5 Rf6 12.Qh5 h6 13.Nf3 Qe8 14.Qxe8+ Rxe8 15.a3 Bd8
16.Be3 b5 17.b4 cxb4 18.cxb4 Rf7 19.Ke2 Bf6 20.Rhc1 Rc8 21.Rc2 Rfc7 22.Rac1 Bd8
23.Kd1 Kf7 24.h5 Ke8 25.d4 Kd7 26.dxe5 Nxe5 27.Nxe5+ dxe5 28.Rxc7+ Bxc7 29.Bxa7 Ra8
30.Bc5 Rxa3 31.Bf8 Rb3 32.Rc2 Rb1+ 33.Ke2 Bd8 34.Bxg7 Rxb4 35.f3 Bg5 36.Bxe5 Rb3
37.Rc7+ Kd8 38.Rh7 Re3+ 39.Kf2 Ra3 40.Rb7 Rb3 41.g4 Be3+ 42.Ke2 Bc1 43.f4 Bb2
44.g5 hxg5 45.h6 gxf4 46.Bxb2 Rxb2+ 47.Kf3 Kc8 48.Rg7 e5 49.h7 Rb3+ 50.Kg2  1-0

[Event "6th EICC"]
[Site "Warsaw POL"]
[Date "2005.06.27"]
[Round "9"]
[White "Krzymowski,A"]
[Black "Bednarek,S"]
[Result "0-1"]
[WhiteElo "2034"]
[BlackElo "2321"]

1.e4 c5 2.Nc3 Nc6 3.Nge2 e5 4.Nd5 d6 5.Nec3 Nge7 6.Bc4 Ng6 7.Nb5 Qg5 8.Qf3 Kd8
9.d4 Qg4 10.dxc5 Qxf3 11.gxf3 dxc5 12.Ndc7 a6 13.Bg5+ f6 14.O-O-O+ Bd7 15.Nxa8 axb5
16.Bxb5 Nd4 17.Bxd7 Kxd7 18.c3 fxg5 19.cxd4 exd4 20.Nb6+ Kc6 21.Nd5 Bd6 22.Rd3 Rf8
23.Rb3 b5 24.Ra3 Ne5 25.Ra6+ Kd7 26.Ra7+ Ke6 27.Rxg7 Rxf3 28.Rxh7 Nd3+ 29.Kb1 Rxf2
30.Rd1 c4 31.Rh6+ Ke5 32.Nb6 Bb4 33.Ka1 c3 34.Nd7+ Kxe4 35.Re6+ Kd5 36.Rf6 c2
37.Rc1 Nxc1 38.Rxf2 Nb3+ 39.axb3 c1=Q+ 40.Ka2 d3 41.Nf6+ Ke6 42.Ne4 Ke5 43.Nxg5 Qxg5
44.h4 Qxh4 45.Rf7 Qh2 46.Rc7 Kd6 47.Rc1 Bc5 48.Rb1 Qc2 49.Rh1 Bd4 50.Rb1 b4
51.Ka1 Qxb3  0-1

[Event "6th EICC"]
[Site "Warsaw POL"]
[Date "2005.06.27"]
[Round "9"]
[White "Guseinov,G"]
[Black "Van Wely,L"]
[Result "1/2-1/2"]
[WhiteElo "2573"]
[BlackElo "2687"]

1.e4 c5 2.Nf3 Nc6 3.Nc3 Nf6 4.Bb5 Qc7 5.O-O Nd4 6.Re1 a6 7.e5 Nxb5 8.exf6 Nxc3
9.fxg7 Bxg7 10.dxc3 d6 11.Qd5 e5 12.Rd1 Bf5 13.Qxc5 dxc5 14.Rd6 Rd8 15.Rxd8+ Kxd8
16.Be3  1/2-1/2

[Event "33rd World Open"]
[Site "Philadelphia USA"]
[Date "2005.06.28"]
[Round "1"]
[White "Roy Chowdhury,S"]
[Black "Markzon,G"]
[Result "1/2-1/2"]
[WhiteElo "2397"]
[BlackElo "2204"]

1.e4 c5 2.Nf3 Nc6 3.Nc3 e6 4.Bb5 Nge7 5.O-O a6 6.Bxc6 Nxc6 7.Re1 d6 8.d4 cxd4
9.Nxd4 Be7 10.Nxc6 bxc6 11.Qg4 Kf8 12.b3 e5 13.Qg3 Be6 14.Na4 h5 15.Qd3 d5
16.Bb2 f6 17.Rad1 d4 18.c3 c5 19.cxd4 cxd4 20.f4 g6 21.fxe5 fxe5 22.Qg3 Bg4
23.Qxe5 Bf6 24.Qc5+ Qe7 25.Rd3 Rc8 26.Qxe7+ Kxe7 27.Nb6 Rc2 28.Nd5+ Ke6 29.Nxf6 Rxb2
30.Nxg4 hxg4 31.Rxd4 Rc8 32.e5 Kf5 33.Rd3 Rcc2 34.Rg3 Rxa2 35.e6 Re2 36.Rf1+ Kg5
37.h3 Rxe6 38.Rxg4+ Kh6 39.Rff4 Rb6 40.Rb4 Rxb4 41.Rxb4 Ra3 42.Kh2 a5 43.Ra4 Rxb3
44.Rxa5 Re3 45.h4 Re4 46.Kh3 Re3+ 47.g3 Re4 48.Ra3 Rb4 49.g4 Re4 50.Kg3 Rb4
51.Re3 Ra4 52.Kf3 Rb4 53.Re4 Rb5 54.Re7 Rb3+ 55.Kf4 Rb4+ 56.Re4 Rb5  1/2-1/2

[Event "2nd RUS Pupils Summer Boys"]
[Site "Satka RUS"]
[Date "2005.06.28"]
[Round "2"]
[White "Zacurdajev,D"]
[Black "Matsenko,S"]
[Result "0-1"]
[WhiteElo "2242"]
[BlackElo "2284"]

1.e4 c5 2.Nf3 Nc6 3.Nc3 Nf6 4.d4 cxd4 5.Nxd4 Qc7 6.f4 d6 7.Be2 e6 8.O-O a6
9.Be3 Be7 10.Kh1 O-O 11.Nxc6 bxc6 12.g4 d5 13.exd5 Nxd5 14.Nxd5 exd5 15.c4 dxc4
16.Bxc4 Rb8 17.b3 c5 18.Be2 Rd8 19.Qc2 Bb7+ 20.Kg1 Qc6 21.Bf3 Qe6 22.Qe2 Bxf3
23.Qxf3 Rd3 24.Rae1 c4 25.f5 Qd7 26.bxc4 Bc5 27.Qf2 Rxe3 28.Rxe3 Qd4 29.Rb3 Rxb3  0-1

[Event "6th EICC"]
[Site "Warsaw POL"]
[Date "2005.06.28"]
[Round "10"]
[White "Babujian,L"]
[Black "Williams,Si"]
[Result "0-1"]
[WhiteElo "2386"]
[BlackElo "2466"]

1.e4 c5 2.Nc3 Nc6 3.Bb5 Nd4 4.Bc4 Nf6 5.Nf3 e6 6.O-O a6 7.e5 d5 8.exf6 dxc4
9.fxg7 Bxg7 10.d3 b5 11.dxc4 Bb7 12.cxb5 Nxf3+ 13.gxf3 Bxc3 14.Bf4 Qf6 15.Bg3 Rd8
16.Qe2 Rd2 17.Qe3 Bd4 18.Qb3 c4 19.Qa3 Bxb2 20.Qe3 Bd4 21.Qa3 Rd3 22.Qa4 Qxf3
23.bxa6+ Bc6 24.Qxc6+ Qxc6 25.Rab1 Rxg3+ 26.hxg3 Qxa6 27.Rfd1 Qa7  0-1

[Event "6th Kurass Memorial"]
[Site "Kiev UKR"]
[Date "2005.06.29"]
[Round "9"]
[White "Kernazhitsky,L"]
[Black "Moiseev,Ig"]
[Result "1-0"]
[WhiteElo "2345"]
[BlackElo "2280"]

1.e4 c5 2.Nc3 Nc6 3.Bb5 g6 4.Bxc6 dxc6 5.d3 Bg7 6.Be3 b6 7.Qd2 e5 8.Nge2 Ne7
9.Bh6 O-O 10.h4 f6 11.Bxg7 Kxg7 12.h5 g5 13.h6+ Kh8 14.Ng3 Bg4 15.Nd1 Qd4
16.c3 Qd7 17.Ne3 Rad8 18.Nxg4 Qxg4 19.Qe2 Qe6 20.Nh5 Rd6 21.Ng7 Qf7 22.b3 Rfd8
23.O-O-O a5 24.Kb2 Ng6 25.Nf5 R6d7 26.g3 a4 27.bxa4 Ne7 28.Ne3 Ra8 29.Qc2 Rda7
30.Qb3 Kg8 31.Nc4 Rxa4 32.Ra1 Nc8 33.Ne3 b5 34.Qxf7+ Kxf7 35.f4 Nd6 36.fxe5 fxe5
37.Rhf1+ Ke6 38.Nf5 c4 39.Nxd6 Kxd6 40.dxc4 Rxc4 41.Rf7 Rxe4 42.Rd1+ Kc5
43.Rd2 Re3 44.Rxh7 Rf8 45.Rg7 Rf6 46.Rh2 Ref3 47.Rxg5 Rf2+ 48.Rxf2 Rxf2+
49.Kb3 Rh2 50.Rxe5+ Kd6 51.Re4 Rxh6 52.a4 bxa4+ 53.Rxa4 Rh2 54.Rg4 Kd5 55.Rg5+ Kd6
56.Kc4 Re2 57.Rg6+ Kc7 58.Kc5 Re5+ 59.Kd4 Rd5+ 60.Kc4 Rd1 61.Re6 Kb6 62.Re3 Rg1
63.Kd4 Kb5 64.Ke5 Kc4 65.Rf3 c5 66.Kf5 Kb3 67.g4 c4 68.g5 Kc2 69.g6 Kd2 70.Kf6 Ke2
71.Rh3 Rf1+ 72.Ke7 Rg1 73.Kf7 Rf1+ 74.Kg8 Kd2 75.g7  1-0

[Event "Australian Masters"]
[Site "Melbourne AUS"]
[Date "2005.06.29"]
[Round "1"]
[White "West,G"]
[Black "Jordan,Wi"]
[Result "1-0"]
[WhiteElo "2350"]
[BlackElo "2304"]

1.e4 c5 2.Nc3 Nc6 3.Nge2 g6 4.d4 cxd4 5.Nxd4 Bg7 6.Be3 Nf6 7.Bc4 Qa5 8.O-O O-O
9.h3 Rd8 10.Bb3 b5 11.Ndxb5 Nxe4 12.Bxf7+ Kxf7 13.Qd5+ e6 14.Qxe4 d5 15.Qf4+ Kg8
16.Nd4 Ne5 17.Rad1 Rf8 18.Qh4 Nc4 19.Nc6 Qc7 20.Ne7+ Kf7 21.Nxc8 Raxc8 22.Nb5 Qa5
23.Nxa7 Ra8 24.Nc6 Qc7 25.Nd4 Nxb2 26.Rb1 Rxa2 27.Qxh7 Qe5 28.Nf3 Qh5 29.Ng5+ Qxg5
30.Bxg5 Rh8 31.Qxh8 Bxh8 32.Ra1 Ra4 33.Rfb1 Rc4 34.Ra7+ Kg8 35.Ra8+  1-0

[Event "2nd RUS Pupils Summer Boys"]
[Site "Satka RUS"]
[Date "2005.06.29"]
[Round "3"]
[White "Ivanov,Andrew"]
[Black "Zacurdajev,D"]
[Result "1-0"]
[WhiteElo "2239"]
[BlackElo "2242"]

1.e4 c5 2.Nf3 Nc6 3.Nc3 g6 4.d4 cxd4 5.Nxd4 Bg7 6.Be3 Nf6 7.Nxc6 bxc6 8.e5 Nd5
9.Nxd5 cxd5 10.Qxd5 Rb8 11.Bxa7 Rxb2 12.Bd4 Rb4 13.c3 e6 14.Qc5 Bf8 15.Qa7 Rb2
16.Bd3 Bh6 17.O-O O-O 18.Rab1 Rd2 19.Bc4 Qh4 20.Rb8 f6 21.Rxc8 Rxc8 22.Qxd7 Rf8
23.exf6 Rxd4 24.cxd4 Qxf6 25.Qxe6+ Qxe6 26.Bxe6+ Kg7 27.Rb1 Kf6 28.d5 Ra8
29.Rb2 Bf8 30.g3 Ke5 31.Kg2 Bc5 32.Rc2 Kd6 33.f4 h6 34.Re2 Ra7 35.Bg8 Kd7
36.Kf3 h5 37.Bf7 Ra6 38.Be8+ Kd8 39.a4 Rb6 40.Bb5 Rd6 41.Bc6 Kc7 42.Re7+ Kb6
43.Rb7+ Ka6 44.Rb8  1-0

[Event "6th EICC"]
[Site "Warsaw POL"]
[Date "2005.06.29"]
[Round "11"]
[White "Nijboer,F"]
[Black "Tregubov,P"]
[Result "1-0"]
[WhiteElo "2553"]
[BlackElo "2612"]

1.e4 c5 2.Nf3 Nc6 3.Nc3 g6 4.d4 cxd4 5.Nxd4 Bg7 6.Be3 Nf6 7.Bc4 Qa5 8.O-O O-O
9.Nb3 Qc7 10.Be2 d6 11.f4 b6 12.Bf3 Bb7 13.Qd3 Rac8 14.Rad1 Qb8 15.Qe2 Rfe8
16.Qf2 Ba8 17.Rfe1 Red8 18.Nd5 Re8 19.Nxf6+ Bxf6 20.c3 b5 21.a3 a5 22.h4 Bb7
23.h5 a4 24.Nd2 Na5 25.Ba7 Qa8 26.e5 dxe5 27.fxe5 Bg7 28.Bd4 Nc4 29.e6 Rf8
30.Bxg7 Kxg7 31.Nxc4 Rxc4 32.Bxb7 Qxb7 33.Rd7 Qb8 34.Rxe7 Rf4 35.Qc5 Kh6
36.hxg6 hxg6 37.Qe3 g5 38.Rd7 Rh4 39.g3 Rg4 40.Kg2 Qf4 41.e7 Re8 42.Rd8  1-0

[Event "2nd RUS Pupils Summer Boys"]
[Site "Satka RUS"]
[Date "2005.06.30"]
[Round "4"]
[White "Matlakov,M"]
[Black "Matsenko,S"]
[Result "1-0"]
[WhiteElo "2401"]
[BlackElo "2284"]

1.e4 c5 2.Nf3 Nc6 3.Nc3 e6 4.Bb5 Nge7 5.O-O a6 6.Bxc6 Nxc6 7.d4 cxd4 8.Nxd4 Be7
9.Nxc6 dxc6 10.Qg4 Bf6 11.f4 e5 12.f5 Qb6+ 13.Kh1 Bd7 14.Qe2 Be7 15.b3 a5
16.Be3 Qa6 17.Qf2 O-O 18.Rad1 Be8 19.f6 Bxf6 20.Bc5 b6 21.Bxf8 Kxf8 22.Na4 Rb8
23.Nb2 Qc8 24.Nc4 Qc7 25.Rd3 Kg8 26.Nd6 Bd7 27.Qd2 Bg4 28.Rxf6 gxf6 29.Qh6  1-0

[Event "6th EICC"]
[Site "Warsaw POL"]
[Date "2005.06.30"]
[Round "12"]
[White "Abergel,T"]
[Black "Kritz,L"]
[Result "0-1"]
[WhiteElo "2456"]
[BlackElo "2549"]

1.e4 c5 2.Nf3 Nc6 3.Nc3 g6 4.Bb5 Bg7 5.O-O e5 6.Bxc6 dxc6 7.d3 Qe7 8.Be3 Nf6
9.h3 Nd7 10.Qd2 h6 11.Nh2 b6 12.a3 Nf8 13.f4 exf4 14.Rxf4 Be6 15.Rff1 Nd7
16.a4 a5 17.b3 O-O-O 18.Rae1 Kb7 19.Nb1 Ne5 20.Nf3 g5 21.Na3 g4 22.Nxe5 Bxe5
23.hxg4 Rdg8 24.Nc4 Bxc4 25.bxc4 Rxg4 26.Rf5 Rhg8 27.Re2 Rh4 28.Ref2 f6 29.Bf4 Bd4
30.Be3 Qd6 31.Bxd4 Qh2+ 32.Kf1 cxd4 33.Qd1 Rhg4 34.Rxf6 Rxg2 35.Rf7+ Ka6  0-1

[Event "6th EICC"]
[Site "Warsaw POL"]
[Date "2005.06.30"]
[Round "12"]
[White "Heberla,B"]
[Black "Khismatullin,D"]
[Result "0-1"]
[WhiteElo "2454"]
[BlackElo "2572"]

1.e4 c5 2.Nc3 Nc6 3.Nf3 Nf6 4.d4 cxd4 5.Nxd4 d6 6.Be2 e5 7.Nf3 h6 8.O-O Be7
9.Re1 O-O 10.h3 Be6 11.Bf1 Nb8 12.b3 Nbd7 13.Bb2 Re8 14.Nd2 Nc5 15.Qf3 Rc8
16.Nc4 a6 17.Rad1 Qc7 18.Ne3 b5 19.Ncd5 Nxd5 20.Nxd5 Bxd5 21.Rxd5 Nd7 22.c3 Qc6
23.Rdd1 Nc5 24.Qg4 Ne6 25.h4 Bd8 26.Bc1 Qxc3 27.Bxh6 Bb6 28.h5 Kf8 29.Bd2 Qb2
30.h6 Ke7 31.hxg7 Rg8 32.Qh4+ f6 33.Bb4 Bd4 34.Rd2 Rc2 35.Ree2 Rxd2 36.Rxd2 Qc1
37.Qh8 Qc8 38.Qh6 Rxg7 39.Rd3 Qg8 40.Rf3 Rg6 41.Qc1 Qa8 42.Rh3 Rg7 43.Qc2 Kd7
44.Bd2 Nc5 45.Rh4 Qg8 46.b4 Na4 47.Be3 Bxe3 48.fxe3 Rh7 49.Rxh7+ Qxh7 50.Be2 Qh4
51.Bf3 Qe1+ 52.Kh2 Qh4+ 53.Kg1 Qe1+ 54.Kh2 Nc3 55.Qb3 d5 56.Bg4+ Kd6 57.Qa3 Na4
58.exd5 e4 59.Qb3 Qd2 60.Be6 Nc3 61.a4 Qxe3 62.axb5 axb5 63.Qa3 Qf4+ 64.g3 Qf2+
65.Kh3 Qf1+ 66.Kh2 Qf2+ 67.Kh3 Ne2 68.Qa6+ Ke5 69.Qa1+ Kd6 70.Qa6+ Ke5 71.Qa1+ Qd4
72.Qf1 Ng1+ 73.Kg2 Nf3 74.Kh3 Ng1+ 75.Kg2 Nf3 76.Kh3 Qxb4 77.Qa1+ Qd4 78.Qa8 Ng5+
79.Kh4 e3+ 80.Kh5 Qd1+ 81.Kg6 Qb1+ 82.Kh5 Qh7+  0-1

[Event "2nd RUS Pupils Summer Boys"]
[Site "Satka RUS"]
[Date "2005.07.01"]
[Round "5"]
[White "Lovkov,R"]
[Black "Mozharov,M"]
[Result "0-1"]
[WhiteElo "2351"]
[BlackElo "2272"]

1.e4 c5 2.Nc3 Nc6 3.Bb5 g6 4.Bxc6 dxc6 5.d3 Bg7 6.f4 Nf6 7.Nf3 Bg4 8.O-O Nd7
9.Be3 e5 10.f5 Qe7 11.h3 Bxf3 12.Qxf3 f6 13.fxg6 hxg6 14.Qg4 Qf7 15.Na4 b6
16.a3 Bh6 17.Bf2 Bf8 18.Rfb1 f5 19.exf5 gxf5 20.Qf3 Qg6 21.b4 Rg8 22.bxc5 b5
23.Nc3 e4 24.Nxe4 fxe4 25.Re1 O-O-O 26.Rxe4 Bxc5 27.Bxc5 Nxc5 28.Rf4 Nd7
29.a4 Rdf8 30.g4 Qh6 31.Rxf8+ Rxf8 32.Qg3 bxa4 33.g5 Qh5 34.Qg2 Ne5 35.Rxa4 Qd1+
36.Kh2 Nf3+ 37.Kg3 Qe1+ 38.Qf2 Qe5+  0-1

[Event "6th EICC"]
[Site "Warsaw POL"]
[Date "2005.07.01"]
[Round "13"]
[White "Gdanski,J"]
[Black "Maze,S"]
[Result "1/2-1/2"]
[WhiteElo "2544"]
[BlackElo "2470"]

1.e4 c5 2.Nc3 Nc6 3.Nge2 Nf6 4.g3 g6 5.Bg2 Bg7 6.O-O O-O 7.d3 d6 8.h3 Rb8
9.a4 a6 10.Nd5 Nd4 11.Nxd4 cxd4 12.a5 Nxd5 13.exd5 e5 14.dxe6 Bxe6 15.Bf4 Qd7
16.Qd2 Rfc8 17.h4 Rc5 18.Qb4 Qc7  1/2-1/2

[Event "DS"]
[Site "Brno CZE"]
[Date "2005.07.02"]
[Round "3"]
[White "Pisk,P"]
[Black "Medunova,V"]
[Result "1-0"]
[WhiteElo "2304"]
[BlackElo "2209"]

1.e4 c5 2.Nf3 Nc6 3.Nc3 d6 4.d4 cxd4 5.Nxd4 e5 6.Nf3 Be7 7.Bc4 Nf6 8.Bg5 O-O
9.Bxf6 Bxf6 10.O-O a6 11.Nd5 Be6 12.c3 Bxd5 13.Bxd5 Qc7 14.Qd3 g6 15.Rad1 Be7
16.Qe3 Kg7 17.Rd3 Rad8 18.Rfd1 h6 19.Nd2 Bg5 20.Qe2 Ne7 21.Nf3 Bf6 22.Bb3 Nc6
23.Ne1 Be7 24.Nc2 Bg5 25.g3 Na5 26.h4 Nxb3 27.axb3 Be7 28.h5 f5 29.hxg6 fxe4
30.Qxe4 Bg5 31.Rf1 d5 32.Rxd5 Rxd5 33.Qxd5 Kxg6 34.Qe6+ Rf6 35.Qg8+ Kh5 36.Kg2 Qc6+
37.f3 Rxf3 38.Rxf3 Qe4 39.Qf7+ Kg4 40.Qc4 Qxc4 41.bxc4 Bc1 42.Ne3+ Kg5 43.Rf5+ Kg6
44.Rxe5 Bxb2 45.Nd5  1-0

[Event "ch-SWE"]
[Site "Goeteborg SWE"]
[Date "2005.07.02"]
[Round "1"]
[White "Carlsson,P"]
[Black "Cramling,P"]
[Result "1/2-1/2"]
[WhiteElo "2394"]
[BlackElo "2494"]

1.e4 c5 2.Nf3 Nc6 3.Nc3 d6 4.d4 cxd4 5.Nxd4 Nf6 6.Bg5 e6 7.Qd2 Be7 8.O-O-O O-O
9.f4 h6 10.Bh4 e5 11.Nf5 Bxf5 12.exf5 exf4 13.Kb1 d5 14.Bxf6 Bxf6 15.Nxd5 Be5
16.c3 Rc8 17.Qc2 Re8 18.Bc4 Qh4 19.Qd3 Bf6 20.Bb3 Ne7 21.g3 fxg3 22.hxg3  1/2-1/2

[Event "ch-BEL"]
[Site "Aalst BEL"]
[Date "2005.07.03"]
[Round "2"]
[White "Hovhanisian,M"]
[Black "Barbier,W"]
[Result "1-0"]
[WhiteElo "2354"]
[BlackElo "2251"]

1.e4 c5 2.Nc3 Nc6 3.Bb5 Nd4 4.Ba4 g6 5.Nf3 Bg7 6.O-O a6 7.Nxd4 cxd4 8.Ne2 b5
9.Bb3 e6 10.d3 Ne7 11.Bd2 d5 12.Qc1 dxe4 13.dxe4 Bb7 14.Bh6 O-O 15.Bxg7 Kxg7
16.Ng3 Nc6 17.f4 Qc7 18.f5 exf5 19.Nh5+ Kh8 20.Nf6 Kg7 21.Rxf5 h6 22.Ng4  1-0

[Event "Skanska"]
[Site "Brno CZE"]
[Date "2005.07.03"]
[Round "4"]
[White "Slaby,J"]
[Black "Manik,M"]
[Result "1/2-1/2"]
[WhiteElo "2403"]
[BlackElo "2495"]

1.e4 c5 2.Nf3 Nc6 3.Nc3 d6 4.d4 cxd4 5.Nxd4 Nf6 6.Bg5 e6 7.Qd2 a6 8.O-O-O Bd7
9.f3 Be7 10.h4 h6 11.Be3 h5 12.Bg5 Ne5  1/2-1/2

[Event "Open A"]
[Site "Klatovy CZE"]
[Date "2005.07.03"]
[Round "2"]
[White "Smejc,J"]
[Black "Gschwendtner,S"]
[Result "0-1"]
[WhiteElo "1855"]
[BlackElo "2165"]

1.e4 c5 2.Nc3 Nc6 3.Bb5 Nd4 4.Bc4 g6 5.Nf3 Bg7 6.Nxd4 cxd4 7.Qf3 e6 8.Nb5 d6
9.Qa3 Bf8 10.Nxd4 d5 11.Bb5+ Bd7 12.Qg3 Bg7 13.e5 h5 14.f4 Qb6 15.Qb3 Nh6
16.Bxd7+ Kxd7 17.Qxb6 axb6 18.O-O f6 19.Nf3 Nf5 20.b3 Rhc8 21.Bb2 Rxc2 22.exf6 Rxb2
23.fxg7 Nxg7 24.Ne5+ Kd6 25.a4 Nf5 26.Rab1 Rxd2 27.Rbd1 Rxd1 28.Rxd1 Rc8
29.Nxg6 Rc2 30.Ne5 Ne3 31.Rd3 Nxg2 32.Nc4+ Ke7 33.Nxb6 Nxf4 34.Re3 Kd6 35.h4 e5
36.b4 d4 37.Re1 d3 38.a5 d2 39.Rd1 Rc1  0-1

[Event "4th Open"]
[Site "La Fere FRA"]
[Date "2005.07.03"]
[Round "2"]
[White "Gharamian,T"]
[Black "Muller,A"]
[Result "1/2-1/2"]
[WhiteElo "2412"]
[BlackElo "2169"]

1.e4 c5 2.Nc3 Nc6 3.Bb5 Nd4 4.Bc4 e6 5.Nf3 Nf6 6.O-O a6 7.d3 b5 8.Bb3 Nxb3
9.axb3 Bb7 10.e5 Nd5 11.Ne4 f5 12.exf6 Nxf6 13.Nfg5 h6 14.Nh3 Qe7 15.Re1 Qf7
16.Bf4 Nxe4 17.dxe4 Be7 18.Bd6 O-O 19.f3 Rfc8 20.Nf2 c4 21.b4 Bd8 22.Qd2 Bb6
23.Kh1 Bc7 24.c3 Bb6 25.Ng4 a5 26.Ne5 Qe8 27.bxa5 Rxa5 28.Rxa5 Bxa5 29.Ra1 Bb6
30.Qf4 Bc5 31.Bxc5 Rxc5 32.Ra7 Bc6 33.h3 Kh7 34.Nxc6 Rxc6 35.Rb7 Ra6 36.Rxb5 Ra1+
37.Kh2 Qa8 38.Qc7 Qa2 39.Qxd7 Qb1 40.Rb7 Qg1+ 41.Kg3 Qe1+ 42.Kh2 Qg1+ 43.Kg3 Qe1+  1/2-1/2

[Event "2nd RUS Pupils Summer Girls"]
[Site "Satka RUS"]
[Date "2005.07.03"]
[Round "6"]
[White "Girya,O"]
[Black "Kuzevanova,E"]
[Result "1-0"]
[WhiteElo "2103"]
[BlackElo "2124"]

1.e4 c5 2.Nc3 Nc6 3.Bb5 Nd4 4.Bc4 e6 5.Nf3 Nf6 6.O-O a6 7.Re1 b5 8.Bf1 Bb7
9.d3 Be7 10.Nxd4 cxd4 11.Ne2 e5 12.f4 d6 13.Ng3 O-O 14.Nf5 Rc8 15.Bd2 Re8
16.fxe5 dxe5 17.Nxe7+ Qxe7 18.Rc1 Qe6 19.a3 Nd7 20.Be2 Qb6 21.Bg4 Rc7 22.Qf3 Nc5
23.Rf1 Na4 24.b3 Nc3 25.Rf2 f6 26.Rcf1 Bc8 27.Bxc8 Rexc8 28.Qg4 Kh8 29.Kh1 Qc6
30.Qh5 Qe8 31.Qf5 Qg6 32.Qxe5 Nd1 33.Rxf6 Qxf6 34.Rxf6 gxf6 35.Qxf6+ Kg8
36.Qe6+ Kh8 37.Bf4 Rf8 38.Be5+ Rg7 39.Bxg7+ Kxg7 40.Qg4+  1-0

[Event "Open"]
[Site "Barbera del Valles ESP"]
[Date "2005.07.04"]
[Round "1"]
[White "Gonzalez,Y"]
[Black "Asensio Linan,T"]
[Result "1-0"]
[WhiteElo "2495"]
[BlackElo "2228"]

1.e4 c5 2.Nf3 Nc6 3.Nc3 g6 4.d4 cxd4 5.Nxd4 Bg7 6.Be3 Nf6 7.Bc4 O-O 8.Bb3 Ng4
9.Qxg4 Nxd4 10.Qd1 Nxb3 11.axb3 d6 12.Bd4 e5 13.Be3 Be6 14.Qd3 f5 15.O-O-O f4
16.Bd2 a5 17.Kb1 Rf7 18.f3 Bf8 19.Be1 Qb8 20.Bf2 Ra6 21.Rd2 Bd7 22.Nd5 b5
23.g3 fxg3 24.hxg3 Qb7 25.Bg1 b4 26.Rdh2 Be6 27.Rxh7 Bxd5 28.Rh8+ Kg7 29.exd5 Ra8  1-0

[Event "20th North Sea Cup"]
[Site "Esbjerg DEN"]
[Date "2005.07.04"]
[Round "4"]
[White "Kragh,N"]
[Black "Damm,K"]
[Result "1-0"]
[WhiteElo "2049"]
[BlackElo "2252"]

1.e4 c5 2.Nf3 Nc6 3.Nc3 e5 4.Bc4 d6 5.d3 Be7 6.Nd2 Nf6 7.Nf1 Bg4 8.f3 Bd7
9.Ne3 Nd4 10.a4 Nh5 11.O-O Nf4 12.Ned5 Bg5 13.Nxf4 Bxf4 14.Bxf4 exf4 15.Nd5 Ne6
16.Qd2 Qh4 17.c3 O-O 18.b3 Rad8 19.Qf2 Qg5 20.g4 fxg3 21.hxg3 Rfe8 22.f4 Qh5
23.Kg2 Nf8 24.Rh1 Qg6 25.f5 Qg5 26.f6 Be6 27.Raf1 Bxd5 28.Bxd5 Qxf6 29.Bxf7+ Kxf7
30.Qe2 Re6 31.Rxf6+ Rxf6 32.Rf1 Ng6 33.Qh5 b6 34.Qd5+ Ke7 35.Qh5 Nf8 36.Rxf6 gxf6
37.d4 Rd7 38.a5 Kd8 39.Qd5 Kc7 40.Qa8 Ne6 41.Qxa7+ Kc8 42.Qxb6 cxd4 43.cxd4 Ng5
44.a6  1-0

[Event "2nd RUS Pupils Summer Boys"]
[Site "Satka RUS"]
[Date "2005.07.04"]
[Round "7"]
[White "Popov,Iv RUS"]
[Black "Klimov,A"]
[Result "1-0"]
[WhiteElo "2464"]
[BlackElo "2319"]

1.e4 c5 2.Nf3 Nc6 3.Nc3 g6 4.d4 cxd4 5.Nxd4 Bg7 6.Be3 Nf6 7.f3 O-O 8.g4 Qb6
9.Rb1 Qa5 10.Nb3 Qd8 11.h4 h5 12.g5 Ne8 13.f4 d6 14.Be2 Nc7 15.Bf3 e5 16.f5 gxf5
17.Bxh5 f4 18.Bf2 Be6 19.Bf3 a5 20.h5 a4 21.Nc1 Re8 22.Nd3 Kh8 23.Rg1 Bf8
24.Kf1 Be7 25.g6 fxg6 26.hxg6 Kg7 27.Nd5 Nxd5 28.exd5 Bh3+ 29.Bg2 Bxg2+ 30.Rxg2 Nb8
31.Rh2 Rh8 32.Rxh8 Qxh8 33.Qg4 Qh1+ 34.Ke2 Qxb1 35.Qh5 f3+ 36.Ke3 Bg5+ 37.Ke4 Kf8
38.Qh7  1-0